000 00746nam a2200289Ia 4500
005 20260324121927.0
008 008 260324s9999 xx 000 0 eng d
020 _a9780203102374
037 _aEBOOK
040 _aCRL
040 _beng
040 _cCRL
041 _2eng
041 _aeng
084 _qCRL
100 _aElizabeth A. Laugeson
_91164423
245 4 _aThe PEERS Curriculum for School-Based Professionals
245 0 _bSocial Skills Training for Adolescents with Autism Spectrum Disorder
260 _bTaylor and Francis
260 _c2013
365 _a
365 _b280
856 _uhttp://www.taylorfrancis.com/books/9780203102374
942 _cEBOOK
999 _c1756817
_d1756817